000
00219 a2200097 4500
001
49353
100
_a
Austen
245
_a
Pride & prefudice
260
_a
Bombay
_b
Educational Publication Co.
_c
090
_c
31900
_d
31900
942
_a
NUST-CAE
_c
M
_c
24337
999
_c
284426
_d
284426